Alsó-Kubin (Árva m.) Főtér, alsó rész.

Zobrazenie: Pohľad v bielom orámovaní na námestie s radmi budov zľava aj sprava. V popredí uprostred námestia stojí skupina ľudí. Vľavo pred budovami vidno rad listnatých stormov pred Župným domom. V pozadí na konci námestia je Hotel Slavia a spoza neho vytŕča veža Farského kostola sv. Kataríny Alex...

Full description

Bibliographic Details
Format: Photo
Language:Hungarian
PhysicalDescription:1 pohľadnica tónovaná do zelena 10 x 14 cm
Published: Turócz-Szt.-Márton Socháň P. [1902?]
Subjects:

MARC

LEADER 00000nkm a2200000 a 4500
001 vtls011920011
003 SK-MaSNL
005 20260302060632.0
007 kf ao
008 230706q1902 xo g kuhun
015 |a SNBG1902 
035 |a urn:nbn:sk:snk-km00eau9 
035 |a urn:nbn:sk:snk-km43gby 
035 |a 38CD4371-8AF4-45AD-8E2E-A88C14630B49 
040 |a SNK  |b slo  |c SNK  |e AACR2 
041 0 |a hun 
043 |a e-xo--- 
044 |a xo  |c SK 
072 7 |a 913  |x Regionálna geografia  |2 konspekt 
080 |a 913(437.6)  |2 2011 
080 |a 711.61  |2 2011 
080 |a 35  |2 2011 
080 |a 721:904  |2 2011 
080 |a 640.412  |2 2011 
080 |a 726:27-523.42  |2 2011 
080 |a 94(084.121)  |2 2011 
245 0 0 |a Alsó-Kubin (Árva m.)  |h grafika  |b Főtér, alsó rész. 
260 |a Turócz-Szt.-Márton  |b Socháň P.  |c [1902?] 
300 |a 1 pohľadnica  |b tónovaná do zelena  |c 10 x 14 cm 
500 |a Názvové údaje prevzaté z obrazovej časti pohľadnice 
520 8 |a Zobrazenie: Pohľad v bielom orámovaní na námestie s radmi budov zľava aj sprava. V popredí uprostred námestia stojí skupina ľudí. Vľavo pred budovami vidno rad listnatých stormov pred Župným domom. V pozadí na konci námestia je Hotel Slavia a spoza neho vytŕča veža Farského kostola sv. Kataríny Alexandrijskej 
610 2 7 |a Župný dom (Dolný Kubín, Slovensko)  |2 SNKKA  |9 392696 
610 2 7 |a Hotel Slávia (Dolný Kubín, Slovensko)  |2 SNKKA  |9 362294 
610 2 7 |a Farský kostol sv. Kataríny Alexandrijskej (Dolný Kubín, Slovensko)  |2 SNKKA  |9 193314 
650 0 7 |a námestia  |2 SNKPH  |9 26291 
650 0 7 |a úrady a inštitúcie  |2 SNKPH  |9 31014 
650 0 7 |a historické budovy  |2 SNKPH  |9 31778 
650 0 7 |a hotely  |2 SNKPH  |9 18422 
650 0 7 |a kostoly  |2 SNKPH  |9 3023 
651 7 |a Dolný Kubín (Slovensko)  |2 SNKPHgeo  |9 168992 
655 7 |a miestne pohľadnice  |2 SNKPH  |9 70510 
655 7 |a historické pohľadnice  |2 SNKPH  |9 159703 
752 |a Slovensko  |d Martin 
852 |a Slovenská národná knižnica 
958 |a GBN 
958 |a GC 
958 |a ONDV 
999 |c 1122012  |d 1123942 
952 |a SNK  |b SNK  |y PREZ  |7 0  |p 17A1294083  |o snkSP 125308  |z Pohľadnica prešla poštou.  |0 0  |1 0  |4 0  |d 2020-02-25  |f 1  |l 0  |r 2026-02-24 18:34:48  |w 2026-02-24